Statistics for Grammar Quiz #1

Click here to take the quiz!

General Stats

  • This quiz has been taken 1,346 times
  • The average score is 8 of 10

Answer Stats

QuestionAnswer% Correct
Can I sit with (you're/your) group?Your
97%
(There/Their/They're) house is so cool.Their
96%
This is what should (have/of) happened.Have
94%
I want to come (too/to) the pool too.To
94%
Vivien and (me/I) went to the park to play soccer.I
93%
The cat slept in (its/it's) bed.Its
88%
(Whose/Who's/Whom) jacket is that?Whose
85%
My test result was better (than/then) (yours/your's).Than, yours
84%
Which title is correctly capitalised?The Quick Brown Fox Jumps Over the Lazy Dog
51%
I love (80's/'80s/80s) music.'80s
37%

Score Distribution

Percentile by Number Answered

Percent of People with Each Score

Your Score History

You have not taken this quiz